000 00641nam a2200241Ia 4500
003 OSt
005 20220924122856.0
006 a|||||r|||| 00| 0
007 ta
008 220923b |||||||| |||| 00| 0 urd d
024 _a310925
037 _cTextual
040 _aARTS
_cARTS
_burd
041 _2urd
_aurd
082 _aO168,1xM2, F3
100 _aQadr Ghulam Husain
_9190948
245 0 _aMajuma-e-sukhan
260 _aLucknow
_bNaval Kishore India
_c1923
300 _a108p.
_ccm.
650 _aURDU LITERATURE
942 _hO168,1xM2, F3
_cTEXL
_2CC
999 _c413390
_d413390